LEADER 01683nas 22005053 450 001 996197253003316 005 20221213213019.0 011 $a1932-2143 035 $a(OCoLC)70080741 035 $a(CKB)1000000000278798 035 $a(CONSER)--2006214695 035 $a(DE-599)ZDB2276947-X 035 $a(EXLCZ)991000000000278798 100 $a20060613a20069999 s-- a 101 0 $aeng 135 $aurcnu|||||||| 181 $ctxt$2rdacontent 182 $cc$2rdamedia 183 $acr$2rdacarrier 200 00$aAsia-Pacific journal of chemical engineering 210 1$aChichester, West Sussex :$cJohn Wiley & Sons, Ltd. 215 $a1 online resource 300 $aTitle from pdf cover (publisher's Web site viewed on Nov. 20, 2007). 300 $aRefereed/Peer-reviewed 311 $a1932-2135 517 1 $aJournal of chemical engineering 517 1 $aAPJ 531 $aASIA-PAC. J. CHEM. ENG 531 $aASIA-PAC J CHEM ENG 531 $aPAC J CHEM ENG 606 $aChemical engineering$vPeriodicals 606 $aChemical engineering$2fast$3(OCoLC)fst00852893 606 $aGénie chimique$3(CaQQLa)201-0008929$vPériodiques$3(CaQQLa)201-0378307 606 $aGénie chimique$3(CaQQLa)201-0008929$zPacifique, Région du$3(CaQQLa)201-0421804$vPériodiques$3(CaQQLa)201-0378307 608 $aPeriodicals.$2fast 610 $aApplied sciences 615 0$aChemical engineering 615 7$aChemical engineering. 615 6$aGénie chimique 615 6$aGénie chimique 676 $a660 906 $aJOURNAL 912 $a996197253003316 996 $aAsia-Pacific journal of chemical engineering$92120951 997 $aUNISA LEADER 03406nam 22008293 450 001 996647823103316 005 20251116153923.0 010 $a9783839475256 010 $a3839475252 024 7 $a10.1515/9783839475256 035 $a(CKB)37409976200041 035 $a(MiAaPQ)EBC31893997 035 $a(Au-PeEL)EBL31893997 035 $a(OCoLC)1500761764 035 $a(DE-B1597)700003 035 $a(DE-B1597)9783839475256 035 $a(ScCtBLL)8e666cc1-e981-420e-8c88-b956351feed5 035 $a(EXLCZ)9937409976200041 100 $a20250217d2025 uy 0 101 0 $ager 135 $aur||||||||||| 181 $ctxt$2rdacontent 182 $cc$2rdamedia 183 $acr$2rdacarrier 200 10$aKopräsenz $eÜber das Soziale Zuhause Von Sprache 205 $a1st ed. 210 1$aBielefeld :$ctranscript Verlag,$d2025. 210 4$d©2025. 215 $a1 online resource (331 pages) 225 0 $aKultur und Sprache ;$v2 311 08$a9783837675252 311 08$a3837675254 327 $tFrontmatter -- $tInhalt -- $tAbbildungsverzeichnis -- $t1 Warum Kopräsenz? Ein Essay aus aktuellem Anlass -- $t2 Kopräsenz »revisited«: Goffman und danach -- $t3 Kopräsenz und Sprache: Sprechen-und-Zuhören und mehr -- $t4 Kopräsenz und verbale Interaktion: Interaktionsprobleme und ihre Lösung -- $t5 Kopräsenz im Wandel ? zum Abschluss ein Blick nach vorn -- $tDank -- $tLiteraturverzeichnis -- $tAnmerkungen 330 $aWann immer wir mit anderen zusammenkommen, befinden wir uns wie selbstverständlich in Kopräsenz. Aber was genau bedeutet es, »zusammen« zu sein? Erfordert es immer physische Anwesenheit oder ist Kopräsenz auch anders möglich? Angesichts des rasanten Wandels moderner Kommunikationstechnologien räumt Heiko Hausendorf mit einigen Mythen auf und wirft einen Blick auf die Entstehung und die Zukunft von Kopräsenz. Diese ist konstitutiv für die Menschwerdung und bildet bis heute den Nährboden für die Entstehung von Sprache ? was die Beschäftigung mit Kopräsenz auch weit über die Linguistik hinaus für alle interessant macht, die sich für soziale Interaktion interessieren. 606 $aLANGUAGE ARTS & DISCIPLINES / Linguistics / General$2bisacsh 610 $aConversation Analysis. 610 $aCultural Theory. 610 $aCulture. 610 $aInteraction. 610 $aInteraktion. 610 $aKommunikationstechnologie. 610 $aKonversationsanalyse. 610 $aKopräsenz. 610 $aKultur. 610 $aKultursoziologie. 610 $aKulturtheorie. 610 $aLanguage Evolution. 610 $aLanguage. 610 $aLinguistics. 610 $aLinguistik. 610 $aMedia Technology. 610 $aMedia. 610 $aMedien. 610 $aMedientechnologie. 610 $aMultimodality. 610 $aMultimodalität. 610 $aSociology of Culture. 610 $aSprache. 610 $aSprachevolution. 610 $aSprachwissenschaft. 610 $aTelekopräsenz. 610 $aTelepresence. 615 7$aLANGUAGE ARTS & DISCIPLINES / Linguistics / General. 700 $aHausendorf$b H$g(Heiko)$01156028 701 $aArndt$b Maria$01782233 801 0$bMiAaPQ 801 1$bMiAaPQ 801 2$bMiAaPQ 906 $aBOOK 912 $a996647823103316 996 $aKopräsenz$94324574 997 $aUNISA